[Event "Ricany op-B"]
[Site "Ricany"]
[Date "2008.08.30"]
[Round "9"]
[White "Krizek, Frantisek"]
[Black "Studzinski, Brunon"]
[Result "1-0"]
[WhiteElo "1432"]
[BlackElo "1000"]
[PlyCount "66"]
[EventDate "2008.08.23"]
[EventType "swiss"]
[EventRounds "9"]
[EventCountry "CZE"]
[SourceTitle "CBM 126 Extra"]
[Source "ChessBase"]
[SourceDate "2008.11.05"]
[SourceVersion "1"]
[SourceVersionDate "2008.11.05"]
[SourceQuality "1"]

1. d4 d6 2. Bg5 Nd7 3. c3 Ngf6 4. Nf3 g6 5. Nbd2 Bg7 6. e4 0-0 7. Bd3 Rb8 8. Nc4 Re8 9. 0-0 Nf8 10. Ncd2 c6 11. e5 dxe5 12. Nxe5 Be6 13. Re1 Rc8 14. Ndf3 Ng4 15. Nxg4 Bxg4 16. Be2 Ne6 17. Be3 Nc7 18. h3 Be6 19. Ne5 Nd5 20. Bd2 Nb6 21. b3 Nd7 22. f4 c5 23. Bb5 cxd4 24. cxd4 f6 25. Nxd7 Bxd7 26. Bc4+ Kf8 27. Rc1 f5 28. Be3 Rc6 29. a4 a5 30. d5 Rc8 31. Qd2 e5 32. Qf2 exf4 33. Bxf4 Bb2 1-0

[Event "Rowy Seniors op 7th"]
[Site "Rowy"]
[Date "2003.09.03"]
[Round "4"]
[White "Kornasiewicz, Stanislaw"]
[Black "Studzinski, Brunon"]
[Result "1-0"]
[WhiteElo "2252"]
[BlackElo "2090"]
[PlyCount "55"]
[EventDate "2003.08.??"]
[EventType "swiss"]
[EventRounds "9"]
[EventCountry "POL"]
[SourceTitle "EXT 2006"]
[Source "ChessBase"]
[SourceDate "2005.11.24"]
[SourceVersion "1"]
[SourceVersionDate "2005.11.24"]
[SourceQuality "1"]

1. e4 e5 2. Nf3 Nc6 3. Bb5 a6 4. Ba4 d6 5. Bxc6+ bxc6 6. d4 exd4 7. Qxd4 h6 8. 0-0 Be6 9. Nc3 Rh7 10. Qd3 g6 11. Nd4 Bd7 12. f4 Bg7 13. Bd2 c5 14. Nf3 Ne7 15. Rae1 Kf8 16. f5 gxf5 17. Nh4 Bf6 18. Nxf5 Nxf5 19. exf5 Bc6 20. Be3 Rb8 21. b3 Rb4 22. Rd1 Rg4 23. Rd2 Rhg7 24. Rff2 h5 25. Nd5 Kg8 26. c4 Bxd5 27. Qxd5 Be5 28. Qxe5 1-0